Sketch de Palmashow - Mort Subite #5 - Statistiques

Statistiques générales
  • Ce quiz a été pris 106 fois
  • Le résultat moyen est 3 sur 10
Answers on the Grid
Answers color-coded by a green-red scale on the quiz's grid according to % correct below.
La vie secrète de Lionel
True detective
Le premier jour
Pas de chatte
Couille Molle
Pub MMA
Quand on fait la promoweb
Quand on écrit un Very Bad Blague
Parodis Twilight
Au secours
Le vampire de St Tropez
Quand il faut mentir
Bas les pattes
Sans toi, le monde tombe
Avant après
Quand on est au front
Quand on signe chez le notaire
La casa de Babel
Parodis Les douzes coups de minuit
La folle aventure
 
Statistiques - réponses
Réponse % Correct
Quand on écrit un Very Bad Blague
67%
La vie secrète de Lionel
32%
Parodis Twilight
28%
Pub MMA
28%
Quand on fait la promoweb
25%
Couille Molle
24%
Le premier jour
23%
Pas de chatte
20%
True detective
16%
Au secours
11%
Aucun quiz correspondant
Distribution des résultats
% des personnes avec chaque résultat
Percentile par nombre de réponses
Votre historique - résultats
Vous n’avez pas pris ce quiz